000 00867cab a2200241 4500
001 ABS53834
008 090401t1995 xxu||||| |||| 00| 0 eng d
035 _a(Sirsi) u6817
041 _aeng
100 _aJones, C.E.
245 4 _aThe impact of environmental assessment on public inquiry decisions
260 _c1995
350 _a0
490 _aJournal of Planning and Environment Law
_vOctober 1995, 890-904(15)
520 _aExamines the role of environmental impact assessment (EIA), whose aim is to consider the possible effects of a proposed project on the environment in taking the decision to proceed or not, in public inquiry decisions.
650 _aEC DIRECTIVE
650 _aENVIRONMENTAL IMPACT ASSESSMENTS
650 _aPUBLIC INQUIRIES
690 _aPLANNING LAW AND PRACTICE
700 _aWood, C.
942 _n0
948 _c04/03/1997
999 _c4054
_d4054